O diário da nossa paixão (Registo nº 879)

Detalhes MARC
000 -Etiqueta do registo
Cabeçalho 00498 a2200217 4500
005 - Identificador da versão
Campo de controlo 20240819123213.0
021 ## - Número do Depósito Legal
Código do país PT
035 ## - Other System Control Numbers
System Control Number 0000947
System Control Number 0000940
System Control Number 0000926
100 ## - Dados gerais de processamento
Dados gerais de processamento 20090204 m y0pory5003 ba
101 1# - Língua de publicação
Língua do texto, banda sonora, etc. Português
Língua do documento no original Inglês
102 ## - Pais de publicação ou produção
País de publicação Portugal
200 1# - Titulo e menção de responsabilidade
Título próprio O diário da nossa paixão
Primeira menção de responsabilidade Nick Cassavetes
Outras menções de responsabilidade Nicholas Sparks
205 ## - Menção da edição
Menção da edição 1ª edição
210 ## - Publicação, Distribuição, etc. 
Lugar da edição, distribuição, etc. Lisboa
Nome do editor, distribuidor, etc. Prisvideo
Data da publicação, distribuição, etc. 2004
215 ## - Descrição física 
Dimensões 118 minutos
942 ## - Elementos de entrada adicionados (Koha)
Tipo de item no Koha DVD
966 ## - Identificação da Biblioteca
Sigla NUMETECA
Exemplares
Situação do levantamento Origin of item (home branch) (coded) Biblioteca de empréstimo Código de barras Cota Circulation type (not for loan) Tipo de documento Nota do exemplar Damaged status
  Biblioteca Escolar Eng. Nuno Mergulhão Biblioteca Escolar Eng. Nuno Mergulhão BENM91DVD F DIA 91   DVD Sem mensagem